| 000 | 02142nam2a2200253 4500 | ||
|---|---|---|---|
| 001 | RU\NLR\BIBL_A\012383557 | ||
| 005 | 20221004141946.0 | ||
| 010 |
_a978-5-4468-8913-6 _bкн. 1 |
||
| 021 |
_aRU _bКН-П-20-039506 _9КН-П-20-2991 |
||
| 035 | _a(NLR Aleph) 012383557 | ||
| 035 | _a(RuMoRGB)010374577 | ||
| 090 |
_a11639858 _c11639858 |
||
| 100 | _a20201020d2020 u y0rusy50 ca | ||
| 101 | 0 | _arus | |
| 102 | _aRU | ||
| 105 | _aa|||j|||000zy | ||
| 200 | 0 | _aКн. 1 | |
| 215 |
_a203, [1] с. _cил. |
||
| 320 | _aБиблиогр.: с. 201 | ||
| 461 | 0 |
_1001RU\NLR\BIBL_A\012383547 _12001#$aТехническое обслуживание, ремонт электрооборудования и сетей промышленных предприятий$eучебник$eдля студентов, обучающихся по всем специальностям, входящим в УГПС 13.00.00 "Электро- и теплоэнергетика", а также по профессии 13.01.10. "Электромонтер по ремонту и обслуживанию электрооборудования (по отраслям)$eв двух книгах$fЮ. Д. Сибикин$vКн. 1 _1700#1$aСибикин$bЮ. Д.$f1928-2021$gЮрий Дмитриевич$3RU\NLR\AUTH\772666 _911639810 _aСибикин, Ю. Д. (1928-2021) _cМосква _d2020 _e13-е изд., испр. _fЮ. Д. Сибикин _nАкадемия _oучебник : для студентов, обучающихся по всем специальностям, входящим в УГПС 13.00.00 "Электро- и теплоэнергетика", а также по профессии 13.01.10. "Электромонтер по ремонту и обслуживанию электрооборудования (по ораслям) : в двух книгах _tТехническое обслуживание, ремонт электрооборудования и сетей промышленных предприятий _y9785446889129 _vКн. 1 |
|
| 942 | _cBOOK | ||
| 980 | _aNB | ||